000 00500nam a2200193 a 4500
001 1768117515610
003 YourLibrary
005 20260112125814.0
008 260111s1998##################000#0#eng##
020 _a9780863778186
082 0 4 _a302.2244
_bBYR
100 1 _aByrne, Brian J.,
_eauthor.
245 1 0 _aThe Foundation of Literacy :
260 _bPsychology Press,
_c1998.
300 _a180 pages
650 0 _aEducation.
942 _cENGLISH
040 _aYourLibrary
_beng
_cYourLibrary
999 _c608256
_d608256